000 00307nam a22001217a 4500
008 230619b xxu||||| |||| 00| 0 eng d
082 _a178.8
_bINC
100 _cUN
245 _aBulletin On Narcotics
_bThe environmenetal impact of drug abuse
260 _aSwitzerland
_bUN
300 _a53p
942 _2ddc
_cBK
999 _c1190
_d1190